| 000 | 01034nam a2200241Ia 4500 | ||
|---|---|---|---|
| 001 | 3042 | ||
| 003 | GE_BSU | ||
| 008 | 181216s||||||||xx |||||||||||||| ||und|| | ||
| 020 | _a571330938Х | ||
| 040 | _cGE_BSU | ||
| 080 | _a33(038)+336 | ||
| 245 | _aТолковый Экономичческий и финансовый словарь: Французская, Русская, Английская, Испанская Немецкая, терминолгия двух томах G-Z=Dictionnaire écono,iaue et finqncier | ||
| 245 | _cПод. общей ред: Л.В. Стпаова, ред. В.Б. Рыбаков | ||
| 250 | _aТом ll | ||
| 260 | _aМосква | ||
| 260 | _bМеждународные Отношения | ||
| 260 | _c1997 | ||
| 300 | _a784 ст. 21 см. | ||
| 541 | _h24 Л.30 Т. | ||
| 653 | _aРусская, Английская, Испанская Немецкая, | ||
| 653 | _aТолковый Экономичческий финансовый словарь: | ||
| 942 | _cBK | ||
| 999 |
_c37086 _d37086 |
||